Burmese days; (Record no. 331)

MARC details
000 -LEADER
fixed length control field 00671pam a2200229 4500
005 - DATE AND TIME OF LATEST TRANSACTION
control field 20260322212015.0
008 - FIXED-LENGTH DATA ELEMENTS--GENERAL INFORMATION
fixed length control field data
010 ## - LIBRARY OF CONGRESS CONTROL NUMBER
LC control number 73012947
020 ## - INTERNATIONAL STANDARD BOOK NUMBER
International Standard Book Number 0156148501
020 ## - INTERNATIONAL STANDARD BOOK NUMBER
International Standard Book Number 9780156148504
040 ## - CATALOGING SOURCE
Original cataloging agency DLC
Transcribing agency DLC
Modifying agency DLC
050 10 - LIBRARY OF CONGRESS CALL NUMBER
Classification number PR6029.R8
Item number Bu16
Classification number PR6029.R8
082 00 - DEWEY DECIMAL CLASSIFICATION NUMBER
Classification number 823/.9/12
099 ## - LOCAL FREE-TEXT CALL NUMBER (OCLC)
Classification number ORWELG
001 - CONTROL NUMBER
control field data
100 1# - MAIN ENTRY--PERSONAL NAME
Personal name Orwell, George,
Dates associated with a name 1903-1950.
245 10 - TITLE STATEMENT
Title Burmese days;
Remainder of title a novel.
Statement of responsibility, etc. George Orwell.
260 ## - PUBLICATION, DISTRIBUTION, ETC.
Place of publication, distribution, etc. New York,
Name of publisher, distributor, etc. Harcourt Brace Jovanovich
Date of publication, distribution, etc. [1974, c1934]
300 ## - PHYSICAL DESCRIPTION
Extent 287 p.
Dimensions 20 cm.
490 0# - SERIES STATEMENT
Series statement Harbrace paperbound library, HPL 62
856 42 - ELECTRONIC LOCATION AND ACCESS
Materials specified Publisher description
Uniform Resource Identifier <a href="http://www.loc.gov/catdir/description/har041/73012947.html">http://www.loc.gov/catdir/description/har041/73012947.html</a>
Holdings
Withdrawn status Lost status Damaged status Not for loan Home library Current library Shelving location Date acquired Total checkouts Full call number Barcode Date last seen Price effective from Koha item type
        Fairview Fairview General stacks 22/03/2026   823/.9/12 BC0010341 22/03/2026 22/03/2026 Books